Picking apples & pumpkins / (Record no. 2001)

MARC details
000 -LEADER
fixed length control field 01444cam a2200397 a 4500
001 - CONTROL NUMBER
control field 2001
003 - CONTROL NUMBER IDENTIFIER
control field FISKH
005 - DATE AND TIME OF LATEST TRANSACTION
control field 20250828130427.0
008 - FIXED-LENGTH DATA ELEMENTS--GENERAL INFORMATION
fixed length control field 940923s1994 nyua j 000 0 eng d
010 ## - LIBRARY OF CONGRESS CONTROL NUMBER
LC control number 94233656
020 ## - INTERNATIONAL STANDARD BOOK NUMBER
International Standard Book Number 0590484567 (pbk.) :
020 ## - INTERNATIONAL STANDARD BOOK NUMBER
International Standard Book Number 9780590484565
040 ## - CATALOGING SOURCE
Original cataloging agency CoNgSD
Transcribing agency CoNgSD
Modifying agency DLC
Language of cataloging eng
042 ## - AUTHENTICATION CODE
Authentication code lccopycat
-- lcac
050 00 - LIBRARY OF CONGRESS CALL NUMBER
Classification number SB363.35
Item number .H87 1994
082 00 - DEWEY DECIMAL CLASSIFICATION NUMBER
Classification number 634/.115
Edition number 20
100 1# - MAIN ENTRY--PERSONAL NAME
Personal name Hutchings, Amy.
245 10 - TITLE STATEMENT
Title Picking apples & pumpkins /
Statement of responsibility, etc. by Amy and Richard Hutchings ; photographs by Richard Hutchings.
260 ## - PUBLICATION, DISTRIBUTION, ETC.
Place of publication, distribution, etc. New York :
Name of publisher, distributor, etc. Scholastic,
Date of publication, distribution, etc. 1994.
300 ## - PHYSICAL DESCRIPTION
Extent 32 unnumbered pages:
Other physical details color illustrations ;
Dimensions 21 cm
440 #0 - SERIES STATEMENT/ADDED ENTRY--TITLE
Title Read with me paperbacks
505 ## - FORMATTED CONTENTS NOTE
Formatted contents note N<br/>
520 ## - SUMMARY, ETC.
Summary, etc. Spend the day with Kristy, her family, and two best friends as they pick apples and pumpkins at Battleview Orchards in New Jersey.
521 8# - TARGET AUDIENCE NOTE
Target audience note 580<br/>
Source Lexile AD<br/>
521 8# - TARGET AUDIENCE NOTE
Target audience note N<br/>
Source Raz-Plus<br/>
650 #0 - SUBJECT ADDED ENTRY--TOPICAL TERM
Topical term or geographic name entry element Apples
General subdivision Harvesting
-- Juvenile literature.
650 #0 - SUBJECT ADDED ENTRY--TOPICAL TERM
Topical term or geographic name entry element Pumpkin
General subdivision Harvesting
-- Juvenile literature.
650 #0 - SUBJECT ADDED ENTRY--TOPICAL TERM
Topical term or geographic name entry element Pick-your-own farms
General subdivision Juvenile literature.
650 #1 - SUBJECT ADDED ENTRY--TOPICAL TERM
Topical term or geographic name entry element Apples.
650 #1 - SUBJECT ADDED ENTRY--TOPICAL TERM
Topical term or geographic name entry element Pumpkins.
650 #1 - SUBJECT ADDED ENTRY--TOPICAL TERM
Topical term or geographic name entry element Pick-your-own farms.
740 0# - ADDED ENTRY--UNCONTROLLED RELATED/ANALYTICAL TITLE
Uncontrolled related/analytical title Picking apples and pumpkins.
906 ## - LOCAL DATA ELEMENT F, LDF (RLIN)
a 7
b cbc
c copycat
d 3
e ncip
f 19
g y-gencatlg
942 ## - ADDED ENTRY ELEMENTS (KOHA)
Source of classification or shelving scheme Dewey Decimal Classification
Koha item type Books
Suppress in OPAC No
Holdings
Withdrawn status Lost status Source of classification or shelving scheme Damaged status Not for loan Collection Home library Current library Shelving location Date acquired Total Checkouts Full call number Barcode Date last seen Price effective from Koha item type Copy number
    Dewey Decimal Classification     Non-Fiction Footprints International School Library Network Toul Kork Campus Footprints International School Library Network Toul Kork Campus TK Primary Library Room(4th Floor), Bookcase 3&4, Shelves 17-32, Yellow Books 10/25/2023   HUT 634.115 SB363.H87 FISBK05896 10/25/2023 10/25/2023 Books  
    Dewey Decimal Classification     Non-Fiction Footprints International School Library Network Toul Tom Poung Campus Footprints International School Library Network Toul Tom Poung Campus TTP Primary Yellow Bookshelves 08/15/2025   HUT 634.115 SB363.H87 FISTK02579 08/15/2025 08/15/2025 Books 2
    Dewey Decimal Classification     Non-Fiction Footprints International School Library Network Toul Tom Poung Campus Footprints International School Library Network Toul Tom Poung Campus TTP Primary Yellow Bookshelves 08/28/2025   HUT 634.115 SB363.H87 FIS00782 08/28/2025 08/28/2025 Books 3